| 000 | 00851nam a22001937a 4500 | ||
|---|---|---|---|
| 999 |
_c19236 _d19236 |
||
| 003 | AR-CdUCM | ||
| 008 | 190516b ||||| |||| 00| 0 spa d | ||
| 040 |
_aMUNICIPALIDAD PROVINCIAL DEL CUSCO _cBIBLIOTECA MUNICIPAL DEL CUSCO |
||
| 082 |
_a372 / _bW56 |
||
| 100 |
_aWheeler, Raymond Holder, _940455 |
||
| 245 |
_aFundamentos del desarrollo mental : _bLibro de texto de psicología de la educación / |
||
| 260 |
_aMéxico, D.F : _bUnión Tipográfica Hispano-Americana, |
||
| 300 |
_a624 paginas ; _c23 cm. |
||
| 505 | _aContenido :El punto de vista --Las leyes de la naturaleza humana --El sistema nervioso del embrión en relación con la conducta --Funciones del sistema nervioso adulto ... | ||
| 650 |
_aPsicología del aprendizaje _930775 |
||
| 650 |
_aPsicología de la educación _97331 |
||
| 942 |
_2ddc _cLIBROS |
||
| 945 |
_arjall _d2019-05-16 |
||